Historia secreta del gobierno de Austria / (Record no. 159614)
[ view plain ]
| 000 -LEADER | |
|---|---|
| campo de control de longitud fija | 00857nam a2200193 i 4500 |
| 001 - NÚMERO DE CONTROL | |
| campo de control | 159614 |
| 003 - IDENTIFICADOR DE NÚMERO DE CONTROL | |
| campo de control | ES-MaACL |
| 005 - FECHA Y HORA DE LA ÚLTIMA TRANSACCIÓN | |
| campo de control | 20260306063016.0 |
| 008 - DATOS DE LONGITUD FIJA--INFORMACIÓN GENERAL | |
| campo de control de longitud fija | 950419s1863 sp |||| | spa d |
| 100 1# - ENTRADA PRINCIPAL--NOMBRE DE PERSONA | |
| Nombre de persona | Michiels, Alfred, |
| Fechas asociadas al nombre | 1813-1892 |
| 9 (RLIN) | 129898 |
| 245 10 - MENCIÓN DEL TÍTULO | |
| Título | Historia secreta del gobierno de Austria / |
| Mención de responsabilidad, etc. | por Alfredo Michiels ; traducida para el Folletín de las Novedades. |
| 260 ## - PUBLICACIÓN, DISTRIBUCIÓN, ETC. | |
| Lugar de publicación, distribución, etc. | Madrid : |
| Nombre del editor, distribuidor, etc. | [s.n.], |
| Fecha de publicación, distribución, etc. | 1863 ( |
| Fabricante | Imp. de las Novedades, a cargo de A. Querol) |
| 300 ## - DESCRIPCIÓN FÍSICA | |
| Extensión | 2 t. en 1 v. (208 ; 197 p.) ; |
| Dimensiones | 20 cm. |
| 530 ## - NOTA DISPONIBLE DE FORMULARIO FÍSICO ADICIONAL | |
| Nota de formato físico adicional disponible | Disponible en formato digital. |
| 651 #4 - PUNTO DE ACCESO ADICIONAL DE MATERIA--NOMBRE GEOGRÁFICO | |
| Nombre geográfico | Austria- |
| Subdivisión general | Historia. |
| 9 (RLIN) | 137062 |
| 852 ## - LOCALIZACIÓN | |
| Ubicación | ES-MaACL |
| Número de control de estantería | G-8971 |
| Nota libre | - Enc. hol. |
| 856 ## - LOCALIZACIÓN Y ACCESO ELECTRÓNICOS | |
| Identificador Uniforme de Recursos | <a href="https://books.google.es/books/ucm?vid=UCM531941111X&printsec=frontcover&redir_esc=y#v=onepage&q&f=false">https://books.google.es/books/ucm?vid=UCM531941111X&printsec=frontcover&redir_esc=y#v=onepage&q&f=false</a> |
| Nota pública | Biblioteca de la Universidad Complutense de Madrid |
| Estatus retirado | Estado de pérdida | Estado de daño | No para préstamo | Colección | Biblioteca de origen | Biblioteca actual | Ubicación en estantería | Fecha de adquisición | Fuente de adquisición | Total de préstamos | Signatura topográfica completa | Código de barras | Visto por última vez | Precio de reemplazo | Tipo de ítem Koha |
|---|---|---|---|---|---|---|---|---|---|---|---|---|---|---|---|
| Colección digital | Biblioteca del Ateneo de Madrid | Biblioteca del Ateneo de Madrid | Sala Pecera Planta 3 | 17/01/2008 | G-8971 | 1167094 | 23/02/2023 | 23/02/2023 | Libro impreso antiguo |
